| 000 | 00538cam a22001337a 4500 | ||
|---|---|---|---|
| 008 | 180718b-- xxu||||| |||| 00| 0 eng d | ||
| 082 | _aB2o5a13 | ||
| 100 | _aIndia. Committee on Privileges | ||
| 245 |
_aCommittee on Privileges, Lok Sabha, Reports _cby Lok Sabha Secretariat |
||
| 260 |
_aNew Delhi _bLok Sabha Secretariat _c-- |
||
| 500 | _aLibrary has | ||
| 650 | _aIndia. Constitution:India --Politics and government --1919-1947 --Periodicals:India --Politics and government --1947- --Periodicals | ||
| 700 | _aIndia. Lok Sabha Secretariat | ||
| 999 |
_c388828 _d388828 |
||